| 000 | 00431nam a2200193Ia 4500 | ||
|---|---|---|---|
| 008 | 170918s9999 xx 000 0 und d | ||
| 020 | _a9780545267441 | ||
| 050 | _bK811 2008 | ||
| 100 | _aKolar, Bob | ||
| 245 | _aBig kicks / | ||
| 245 | _cBob Kolar. | ||
| 260 | _aNew York : | ||
| 260 | _bScholastic, | ||
| 260 | _c2008 | ||
| 300 | _aunpaged : | ||
| 300 | _bcolored illustration ; | ||
| 300 | _c25cm. | ||
| 500 | _a500 | ||
| 999 |
_c342647 _d342647 |
||